000 01030nam a2200253Ia 4500
003 GCL
008 140319s9999 xx 000 0 ara d
040 _aGCL /
_cGCL
082 0 4 _a219
_bا ص
100 1 _aاحمد زايد
245 1 0 _aصور من الخطاب الدينى المعاصر :
_bالكتاب الاولى : خطاب المؤسسة والنخبة /
_cاحمد زايد
250 _aالاولى
260 _aالقاهرة :
_bدار العين للنشر ،
_c2007
300 _a238 ص ؛
_c19 سم
650 0 4 _aالاسلام - دعوة
650 0 4 _aالاسلام والاصلاح الاجتماعى
650 0 4 _aالثقافة الاسلامية
650 0 4 _aالاسلام والاصلاح الدينى
650 0 4 _aالوعظ والارشاد
650 0 4 _aالاسلام - حركات الاحياء والاصلاح والتجديد
650 0 4 _aوسائل الاعلام - الجوانب الاخلاقية والدينية
650 0 4 _aالخطاب الدينى
942 _2ddc
_cBK
999 _c9759
_d9759